[Event "Quindio Region-ch Amateur"]
[Site "Armenia"]
[Date "2020.02.15"]
[Round "1.6"]
[White "Gaviria, Carlos"]
[Black "Restrepo, Jose Daniel"]
[Result "0-1"]
[WhiteElo "1600"]
[BlackElo "1842"]
[PlyCount "52"]
[EventDate "2020.02.15"]
[EventType "swiss"]
[EventRounds "7"]
[EventCountry "COL"]
[SourceTitle "EXT 2024"]
[Source "ChessBase"]
[SourceDate "2023.10.10"]
[SourceVersion "1"]
[SourceVersionDate "2023.10.10"]
[SourceQuality "1"]

1. e4 e5 2. Bb5 Nf6 3. d3 Bc5 4. h3 h6 5. Nf3 Qe7 6. a3 0-0 7. 0-0 c6 8. Bc4 Nh5 9. b4 Bb6 10. Bb2 d6 11. Nxe5 Nf4 12. Ng6 Nxg6 13. Nd2 Be6 14. Qf3 Nd7 15. Qg3 Bc7 16. Bb3 Rac8 17. Qf3 Nde5 18. Qe3 Bxb3 19. Nxb3 Bb6 20. Bd4 Bxd4 21. Nxd4 c5 22. Nf5 Qg5 23. f4 Nxf4 24. Rxf4 cxb4 25. Nxd6 Rxc2 26. axb4 Qxg2# 0-1